00599cam a22002411 4500001001300000003000400013005001700017008004100034010001700075025002000092035002000112040001700132042001200149050001600161100001900177245003500196260002200231300001800253500001900271504002500290650002500315999001700340sa 68005489 DLC20260227112509.0850212q19601969io 000 0 ind  asa 68005489  aPL480:Indo-6966 a(OCoLC)11686235 aDLCcHUdDLC apremarc00aRJ206b.T381 aTe, Bek Siang.10aDasar dan daftar makanan anak. aDjakarta?c[196-] a46 l.c32 cm. aRunning title. aBibliography: l. 46. 0aChildrenxNutrition. c80761d80761